Central Library OPAC University of Rajshahi

The active teacher : (Record no. 47408)

MARC details
000 -LEADER
fixed length control field 00791nam a22002412 4500
001 - CONTROL NUMBER
control field 47408
003 - CONTROL NUMBER IDENTIFIER
rucl marc code BD-RjUL
005 - DATE AND TIME OF LATEST TRANSACTION
control field 20211209054316.0
008 - FIXED-LENGTH DATA ELEMENTS--GENERAL INFORMATION
fixed length control field 160808s1955 enk 000 0 eng
035 ## - SYSTEM CONTROL NUMBER
System control number OCLC ocm08890234 from D960912M
-- (BD-RjUL)47527
040 ## - CATALOGING SOURCE
Original cataloging agency DLC
Transcribing agency SOI
Modifying agency UKM
-- EQO
-- BD-RjUL
Language of cataloging eng
041 ## - LANGUAGE CODE
Language code of text/sound track or separate title eng
082 ## - DEWEY DECIMAL CLASSIFICATION NUMBER
Classification number 808.52
Author mark and year RIA 1955
100 10 - MAIN ENTRY--PERSONAL NAME
Personal name Richardson, Elizabeth
Dates associated with a name 1915-
9 (RLIN) 144192
245 14 - TITLE STATEMENT
Title The active teacher :
Remainder of title training and assessment /
Statement of responsibility, etc. Elizabeth Richardson.
260 ## - PUBLICATION, DISTRIBUTION, ETC. (IMPRINT)
Place of publication, distribution, etc. London :
Name of publisher, distributor, etc. Routledge & K. Paul,
Date of publication, distribution, etc. 1955.
300 ## - PHYSICAL DESCRIPTION
Pagination 188 p. :
Illustrations illus. ;
Size 20 cm.
650 #0 - SUBJECT ADDED ENTRY--TOPICAL TERM
Topical term or geographic name as entry element English literature
General subdivision Study and teaching.
9 (RLIN) 119018
Topical term or geographic name as entry element Audiotapes in education.
9 (RLIN) 144193
Topical term or geographic name as entry element Study and teaching.
9 (RLIN) 144194
942 ## - ADDED ENTRY ELEMENTS (KOHA)
Source of classification or shelving scheme Dewey Decimal Classification
Koha item type Books
Holdings
Lost status Source of classification or shelving scheme Damaged status Not for loan Collection code Permanent Location Current Location Shelving location Date acquired Source of acquisition Cost, normal purchase price Total Checkouts Full call number Date last seen Copy number Koha item type
  Dewey Decimal Classification     Non-fiction Central Library, University of Rajshahi Central Library, University of Rajshahi   01/02/1956 A.B.C. 11.60   808.52 RIA 1955 08/08/2016 C-2 Books